| 000 | 00779nam a2200253 a 4500 | ||
|---|---|---|---|
| 001 | 000047831 | ||
| 003 | DO-SdBNP | ||
| 005 | 20220317131925.0 | ||
| 007 | ta | ||
| 008 | 180828s2015 dr 000 f spa d | ||
| 020 | _a9789945083620 | ||
| 040 |
_aDO-SdBNP _bspa _cBNPHU |
||
| 082 | 4 |
_aRD863.44 _bR934j _222 |
|
| 100 | 1 |
_aRuiz Bermejo, Miguel, _d1943-2015 _975403 |
|
| 245 | 1 | 3 |
_aEl juego del saltamontes / _cMiguel Ruiz Bermejo. |
| 260 |
_aSanto Domingo : _bCentenario, _c2015. |
||
| 300 |
_a434 p. ; _c23 cm. |
||
| 500 | _aIncluye datos biográficos del autor en la solapa de la cubierta | ||
| 590 | _aInventariado, 2018/VM | ||
| 650 | 4 |
_aNovela española _91123 |
|
| 650 | 4 |
_aLiteratura española _9632 |
|
| 910 | _aValidado. Control de calidad MFF | ||
| 942 |
_2ddc _cLBS1 |
||
| 999 |
_c47319 _d47319 |
||